| 000 | 02475nam0a2200457 4500 | ||
|---|---|---|---|
| 001 | RU\NLR\b_ik\199267 | ||
| 005 | 20250613194957.0 | ||
| 010 |
_a978-5-7487-1586-7 _9150 |
||
| 021 |
_aRU _b2012-101565 _97485 |
||
| 035 | _a(NLR Aleph) 009995122 | ||
| 090 |
_a9756260 _c9756260 |
||
| 100 | _a20130123d2012 |||y0rusy50 ca | ||
| 101 | 0 |
_aeng _alat |
|
| 102 | _aRU | ||
| 105 | _ay|||e|||000yy | ||
| 200 | 1 |
_aMedical vocabulary _dМедицинский словарь _eLatin-English, English-Latin _efor foreign students of the Medical department _fT.A. Gladilina, A.N. Zolotukchina, T.A. Kostromina _gState educational establishment of higher professional education "Kursk state med. univ." of the Min. of health a. social development of the Russ. Federation, The Dep. of Lat. med. terminology _zrus |
|
| 210 |
_aKursk _cИзд-во Курского государственного медицинского университета _d2012 |
||
| 215 |
_a59 с. _d20 |
||
| 300 | _aАвт. также на рус. яз.: Т.А. Гладилина, А.Н. Золотухина, Т.А. Костромина | ||
| 320 | _aБиблиогр.: с. 59 (5 назв.) | ||
| 510 | 1 |
_6z45790 _aМедицинский словарь _eлатинско-английский, англо-латинский _zrus |
|
| 606 | 1 |
_aЛатинский язык _xТерминология медицинская _xСловари _xАнглийский язык _92605524 _3RU\NLR\AUTH\661542082 |
|
| 606 | 1 |
_aАнглийский язык _xТерминология медицинская _xСловари _xЛатинский язык _92190367 _3RU\NLR\AUTH\6601552514 |
|
| 606 | 1 |
_aЛатинский язык _xУчебные издания для медицинских работников _92411227 _3RU\NLR\AUTH\661436632 |
|
| 606 | 1 |
_aМедицина _jТерминологические словари _9892737 _3RU\NLR\AUTH\662895 |
|
| 686 | 1 | _aШ146.1-434 | |
| 686 | 1 | _aШ143.21-434 | |
| 686 | 1 | _aШ146.1-93англ329.1 | |
| 686 | 1 | _aР.я212 | |
| 700 | 1 |
_aGladilina _bT. A. _4070 |
|
| 701 | 1 |
_6z40790 _aZolotuchina _bA. N. _4070 |
|
| 701 | 1 |
_aKostromina _bT. A. _gTat'jana Arkad'evna _4070 |
|
| 790 | 1 |
_6z45510 _aГладилина _bТ.А |
|
| 790 | 1 |
_6z40701 _aZolotukchina _bA. N. _4070 |
|
| 801 | 0 |
_aRU _bNLR _c20130123 _gRCR |
|
| 801 | 1 |
_aRU _bNLR _c20130123 |
|
| 942 | _cBOOK | ||
| 980 | _aNB | ||